000 00823cam a2200205 4500
001 WB3739-11
008 011017n2001 000 0 eng u
035 _a(Sirsi) u115165
245 _aDistribution sector still strong
260 _c2001
490 _aEstates Gazette
_v(0141) 13 October 2001, 36(1)
520 _aTake-up of distribution space is still showing no sign of a downturn as a number of deals continue to go ahead with top retailers and logistics specialists consolidating distribution strategies bringing separate industrial requirements together into larger centres.
590 _aWB
650 _aDISTRIBUTION SECTOR
650 _aDISTRIBUTION CENTRES
650 _aWAREHOUSES
650 _aECONOMIC CONDITIONS
690 _aPROPERTY-COMMERCIAL PROPERTY-COMMERCIAL PROPERTY MARKET
942 _n0
999 _c68586
_d68586